000 00699cab a2200253 4500
001 ABS57567
008 090401t1997 xxu||||| |||| 00| 0 eng d
035 _a(Sirsi) u80908
041 _aeng
100 _aHuxtable, J.
245 _aStudying the form
260 _c1997
350 _a0
490 _aProcurement
_vSeptember 1997, 10-11(2)
520 _aReviews NG Bailey`s form of subcontract, highlighting potentially hazardous clauses.
650 _aCONTRACT CLAUSES
650 _aCONTRACT DOCUMENTS
650 _aHAZARDOUS CLAUSES
650 _aNG BAILEY
650 _aSUBCONTRACTORS
690 _aBUILT ENVIRONMENT-BUILDING CONTRACT FORMS
942 _n0
948 _c17/09/1997
999 _c50953
_d50953